Every Pitcher For The 2024 Boston Red Sox - Statistics

General Stats
  • This quiz has been taken 24 times
  • The average score is 9 of 34
Answer Stats
Innings Player % Correct
162.1 Bryan Bello
95%
178.2 Tanner Houck
90%
54.2 Kenley Jansen
80%
183.2 Kutter Crawford
75%
18.1 Garret Whitlock
70%
145.2 Nick Pivetta
60%
44.1 Chris Martin
55%
55.1 Justin Slaten
50%
63.1 Greg Weissert
30%
11.0 James Paxton
30%
56.2 Zack Kelly
30%
99.1 Cooper Criswell
25%
76.0 Josh Winckowski
25%
3.0 Dom Smith
20%
13.2 Joely Rodriguez
20%
14.0 Lucas Sims
20%
15.1 Luis Garcia
20%
10.0 Luis Guerrero
20%
3.2 Rich Hill
20%
52.0 Chase Anderson
15%
6.2 Isaiah Campbell
15%
1.2 Jac Jacques
10%
5.0 Quinn Prester
10%
18.0 Bailey Horn
5%
51.0 Brennan Bernandino
5%
42.2 Cam Booser
5%
8.2 Chase Shugart
5%
1.0 Pablo Reyes
5%
20.2 Richard Fitts
5%
1.1 Yohan Ramirez
5%
4.0 Zach Penrod
5%
24.2 Brad Keller
0%
4.0 Naoyuki Uwasawa
0%
2.1 Trey Wingenter
0%
No matching quizzes found
Score Distribution
Percent of People with Each Score
Percentile by Number Answered
Your Score History
You have not taken this quiz